[Event "I Open Internacional Illes medes"]
[Site "?"]
[Date "2006.12.31"]
[Round "5.20"]
[White "Kukov Velislav"]
[Black "Kurmann Oliver"]
[Result "1-0"]
[WhiteElo "2261"]
[BlackElo "2417"]
[PlyCount "37"]
[EventDate "2007.01.02"]
[SourceDate "2007.01.02"]

1. Nf3 Nf6 2. d4 d5 3. c4 c6 4. cxd5 cxd5 5. Nc3 Nc6 6. Bf4 Nh5 7. Be5 f6 8.
Bg3 e5 9. e3 Nxg3 10. hxg3 e4 11. Nd2 Be6 12. Ndxe4 Qb6 13. Na4 dxe4 14. Nxb6
Bb4+ 15. Ke2 axb6 16. f3 O-O 17. Kf2 f5 18. a3 Be7 19. Rc1 1-0

[Event "I Open Internacional Illes medes"]
[Site "?"]
[Date "2006.12.31"]
[Round "5.26"]
[White "Hallerod Ralph"]
[Black "Doric Darko"]
[Result "1/2-1/2"]
[WhiteElo "2180"]
[BlackElo "2448"]
[PlyCount "63"]
[EventDate "2007.01.02"]
[SourceDate "2007.01.02"]

1. c4 e6 2. d4 d5 3. cxd5 exd5 4. Nc3 c6 5. Qc2 g6 6. e3 Bf5 7. Bd3 Bxd3 8.
Qxd3 Nf6 9. Nf3 Nbd7 10. O-O Be7 11. b3 O-O 12. a4 Re8 13. Ba3 Bxa3 14. Rxa3
Qe7 15. Ra2 Ne4 16. Rb1 Qb4 17. Nxe4 dxe4 18. Qd2 Qe7 19. Ne1 Rad8 20. b4 Qh4
21. Qe2 Nf6 22. Rc2 Rd5 23. Rc5 Red8 24. Rbc1 a6 25. h3 g5 26. Rxd5 Rxd5 27.
Rc5 h5 28. Rxd5 Nxd5 29. b5 axb5 30. axb5 g4 31. bxc6 bxc6 32. g3 1/2-1/2

[Event "I Open Internacional Illes medes"]
[Site "?"]
[Date "????.12.31"]
[Round "5.27"]
[White "Benitah Yohan"]
[Black "Porras Mateo Felipe"]
[Result "1-0"]
[WhiteElo "2412"]
[BlackElo "2186"]
[PlyCount "85"]
[EventDate "2007.01.02"]
[SourceDate "2007.01.02"]

1. d4 Nf6 2. c4 e6 3. Nc3 d5 4. cxd5 exd5 5. Bg5 c6 6. e3 Be7 7. Bd3 O-O 8. Qc2
Nbd7 9. Nge2 Re8 10. O-O Nf8 11. f3 h6 12. Bh4 Ne6 13. Rad1 Ng5 14. Qc1 b5 15.
Bf2 a5 16. Ng3 Ba6 17. h3 Bf8 18. Rfe1 b4 19. Bxa6 Rxa6 20. Na4 Qd7 21. Qc2 Ne6
22. e4 Nh7 23. Be3 f6 24. Nf5 Nhg5 25. Nc5 Nxc5 26. dxc5 Qb7 27. exd5 cxd5 28.
Bf2 Rc8 29. Qd3 Re6 30. Rxe6 Nxe6 31. Nd6 Bxd6 32. cxd6 Kf7 33. Qxd5 Qxd5 34.
Rxd5 Rc1+ 35. Kh2 Rc2 36. Bb6 a4 37. Ra5 Rxb2 38. Rxa4 b3 39. axb3 Rxb3 40.
Ra7+ Kf8 41. Ba5 Rb5 42. d7 Rd5 43. Ra6 1-0

[Event "I Open Internacional Illes medes"]
[Site "?"]
[Date "2006.12.31"]
[Round "5.30"]
[White "Gasik Annna"]
[Black "Bruned Yvain"]
[Result "1/2-1/2"]
[WhiteElo "2143"]
[BlackElo "2333"]
[PlyCount "43"]
[EventDate "2007.01.02"]
[SourceDate "2007.01.02"]

1. e4 c5 2. Nc3 Nc6 3. g3 g6 4. Bg2 Bg7 5. d3 d6 6. Be3 e6 7. Qd2 Rb8 8. Nge2
b5 9. O-O Nd4 10. Nd1 Nxe2+ 11. Qxe2 Ne7 12. Qd2 O-O 13. Bh6 Bxh6 14. Qxh6 f5
15. Ne3 Kh8 16. Qh4 Bb7 17. Rad1 e5 18. f4 Qd7 19. fxe5 dxe5 20. Bh3 Rbe8 21.
Qg5 Bc8 22. Rf2 1/2-1/2

[Event "I Open Internacional Illes medes"]
[Site "?"]
[Date "2006.12.31"]
[Round "5.33"]
[White "Przezdziecka Marta"]
[Black "Bozinovic Boban"]
[Result "1-0"]
[WhiteElo "2303"]
[BlackElo "2144"]
[PlyCount "83"]
[EventDate "2007.01.02"]
[SourceDate "2007.01.02"]

1. d4 Nf6 2. Nf3 c5 3. d5 g6 4. Nc3 d6 5. e4 Bg7 6. Be2 O-O 7. O-O Na6 8. h3
Nc7 9. a4 a6 10. Nd2 b6 11. f4 Rb8 12. Nc4 b5 13. axb5 axb5 14. Na5 Bd7 15. Bf3
b4 16. Ne2 Ra8 17. e5 Nfe8 18. e6 Bb5 19. c4 bxc3 20. Nxc3 Rxa5 21. Rxa5 Bxf1
22. exf7+ Rxf7 23. Qxf1 Bd4+ 24. Kh2 Nf6 25. Ne4 Nxe4 26. Bxe4 Kg7 27. Qe1 Qb8
28. Qd2 Qb6 29. Ra4 Kg8 30. Rxd4 cxd4 31. f5 gxf5 32. Qg5+ Kh8 33. Qh5 Rg7 34.
Qxf5 Qb3 35. Bf4 Ne8 36. Qf8+ Rg8 37. Qxe7 Ng7 38. Qh4 Nf5 39. Bxf5 Qb7 40.
Bxd6 Qg7 41. Bg4 d3 42. Qh5 1-0

[Event "I Open Internacional Illes medes"]
[Site "?"]
[Date "2006.12.31"]
[Round "5.39"]
[White "Martinez Lopez Ivan"]
[Black "Vidal Zamora Alex"]
[Result "1-0"]
[WhiteElo "2231"]
[BlackElo "1940"]
[PlyCount "55"]
[EventDate "2007.01.02"]
[SourceDate "2007.01.02"]

1. f4 e6 2. Nf3 d5 3. e3 e5 4. b3 Nf6 5. Bb2 Nc6 6. Bb5 Bd7 7. O-O Bd6 8. d3 a6
9. Bxc6 Bxc6 10. Nxe5 O-O 11. Rf3 Bxe5 12. fxe5 Nd7 13. Rg3 Qh4 14. Nd2 Rfd8
15. Nf3 Qe7 16. Qe2 Nf8 17. Rf1 h6 18. h4 Ng6 19. h5 Nh4 20. Nxh4 Qxh4 21. Qf2
Qxh5 22. Qf6 g5 23. Rh3 Qg6 24. Rxh6 Qg7 25. Rh5 Qxf6 26. exf6 d4 27. Kf2 Rd5
28. e4 1-0

[Event "I Open Internacional Illes medes"]
[Site "?"]
[Date "2006.12.31"]
[Round "5.42"]
[White "Pruja Ramirez De Cartagena Ma"]
[Black "Santos Jose Alves"]
[Result "1-0"]
[WhiteElo "1952"]
[BlackElo "2195"]
[PlyCount "61"]
[EventDate "2007.01.02"]
[SourceDate "2007.01.02"]

1. e4 e5 2. Nf3 Nc6 3. Bb5 a6 4. Ba4 d6 5. O-O Bg4 6. h3 h5 7. d3 Qf6 8. Nbd2
Nge7 9. Re1 Ng6 10. Bxc6+ bxc6 11. hxg4 hxg4 12. Nh2 Rxh2 13. Kxh2 Qh4+ 14. Kg1
Nf4 15. Nf1 g6 16. Bxf4 exf4 17. Nh2 g3 18. fxg3 fxg3 19. Nf1 Bg7 20. c3 Be5
21. Qf3 O-O-O 22. Ne3 f5 23. Kf1 Qh6 24. Ke2 Bf4 25. Kd1 fxe4 26. dxe4 Kb7 27.
Kc2 Rf8 28. Rf1 Qg5 29. Rae1 Qa5 30. Kb1 Qa4 31. Nc2 1-0

[Event "I Open Internacional Illes medes"]
[Site "?"]
[Date "2006.12.31"]
[Round "5.43"]
[White "Mayo Casademont Marti"]
[Black "Vila i Camps Carles"]
[Result "1-0"]
[WhiteElo "2186"]
[BlackElo "1870"]
[PlyCount "33"]
[EventDate "2007.01.02"]
[SourceDate "2007.01.02"]

1. d4 e6 2. c4 c5 3. d5 exd5 4. cxd5 d6 5. Nc3 Nf6 6. e4 g6 7. f4 Bg7 8. Bb5+
Bd7 9. e5 dxe5 10. fxe5 Ng4 11. Qxg4 Bxe5 12. Bxd7+ Nxd7 13. Nge2 O-O 14. O-O
f5 15. Qf3 Qb6 16. Bf4 Bg7 17. d6 1-0

[Event "I Open Internacional Illes medes"]
[Site "?"]
[Date "2007.01.01"]
[Round "6.1"]
[White "Hamdouchi Hichem"]
[Black "Mirzoev Azer"]
[Result "1-0"]
[WhiteElo "2582"]
[BlackElo "2543"]
[PlyCount "45"]
[EventDate "2007.01.02"]
[SourceDate "2007.01.02"]

1. e4 e5 2. Nf3 Nf6 3. d4 Nxe4 4. Bd3 Nc6 5. Bxe4 d5 6. Bg5 Qd6 7. dxe5 Qb4+ 8.
Nc3 dxe4 9. a3 Qa5 10. O-O exf3 11. b4 Bxb4 12. axb4 Qxb4 13. Nd5 Qg4 14. Nxc7+
Kf8 15. Be7+ Kg8 16. Qxf3 Qxf3 17. gxf3 Rb8 18. Bd6 Bh3 19. Rfb1 b6 20. Nd5 Re8
21. Kh1 h6 22. Rg1 Kh7 23. Rxg7+ 1-0

[Event "I Open Internacional Illes medes"]
[Site "?"]
[Date "2007.01.01"]
[Round "6.2"]
[White "Delchev Aleksander"]
[Black "Cornette Matthieu"]
[Result "1/2-1/2"]
[WhiteElo "2628"]
[BlackElo "2480"]
[PlyCount "44"]
[EventDate "2007.01.02"]
[SourceDate "2007.01.02"]

1. e4 d5 2. exd5 Qxd5 3. Nc3 Qa5 4. d4 Nf6 5. Nf3 c6 6. Bc4 Bf5 7. Bd2 e6 8.
Nd5 Qd8 9. Nxf6+ Qxf6 10. Qe2 Bg4 11. d5 Bxf3 12. gxf3 cxd5 13. Bxd5 Nd7 14.
O-O-O O-O-O 15. Be4 Qe5 16. Kb1 Qc7 17. Bc3 f6 18. Rd4 Bc5 19. Ra4 Kb8 20. Ba5
Nb6 21. Rc4 Qd6 22. Bxb6 Bxb6 1/2-1/2

[Event "I Open Internacional Illes medes"]
[Site "?"]
[Date "2007.01.01"]
[Round "6.3"]
[White "Gerber Richard"]
[Black "Bartel Mateusz"]
[Result "0-1"]
[WhiteElo "2365"]
[BlackElo "2569"]
[PlyCount "56"]
[EventDate "2007.01.02"]
[SourceDate "2007.01.02"]

1. Nf3 f5 2. d3 d6 3. e4 g6 4. exf5 Bxf5 5. d4 Bg7 6. Nc3 Nf6 7. Bg5 O-O 8.
Bc4+ e6 9. Qd2 d5 10. Bd3 Bxd3 11. Qxd3 Nc6 12. O-O-O Qd7 13. Rhe1 Rae8 14. Qb5
Qc8 15. Kb1 a6 16. Qe2 b5 17. a3 Nd7 18. h4 Nb6 19. Be3 e5 20. Nxe5 Nxe5 21.
dxe5 Rxe5 22. f4 Ree8 23. Qd2 c5 24. Bf2 d4 25. Ne4 Qc6 26. Ng5 Nc4 27. Qd3
Qxg2 28. Re2 Nxb2 0-1

[Event "I Open Internacional Illes medes"]
[Site "?"]
[Date "2007.01.01"]
[Round "6.4"]
[White "Moskalenko Viktor"]
[Black "Vernay Clovis"]
[Result "1-0"]
[WhiteElo "2543"]
[BlackElo "2334"]
[PlyCount "49"]
[EventDate "2007.01.02"]
[SourceDate "2007.01.02"]

1. d4 Nf6 2. c4 c5 3. d5 b5 4. Qc2 Na6 5. Nc3 bxc4 6. e4 e6 7. Bxc4 Qa5 8. Nf3
Nb4 9. Qe2 Ba6 10. O-O Be7 11. d6 Bd8 12. e5 Nfd5 13. Bd2 Nb6 14. Bb5 Bxb5 15.
Nxb5 a6 16. Nc3 Nc2 17. Rad1 Qb4 18. Ne4 Qb5 19. Qxb5 axb5 20. Rc1 Nd4 21. Rxc5
Nxf3+ 22. gxf3 f6 23. Rxb5 Rxa2 24. Ba5 Na4 25. Bxd8 1-0

[Event "I Open Internacional Illes medes"]
[Site "?"]
[Date "2007.01.01"]
[Round "6.5"]
[White "Jankovic Alojzije"]
[Black "Campos Moreno Javier B"]
[Result "0-1"]
[WhiteElo "2533"]
[BlackElo "2446"]
[PlyCount "60"]
[EventDate "2007.01.02"]
[SourceDate "2007.01.02"]

1. d4 Nf6 2. c4 e6 3. Nf3 d5 4. Nc3 Nbd7 5. Bf4 dxc4 6. e3 Nb6 7. Bxc4 Nfd5 8.
Bg5 f6 9. Bh4 Nxc4 10. Qa4+ c6 11. Qxc4 Qb6 12. Qe2 Bb4 13. Rc1 Qb5 14. Qc2 O-O
15. Nd2 Qa6 16. Bg3 e5 17. dxe5 fxe5 18. Nxd5 cxd5 19. Bxe5 Bg4 20. f3 Rfe8 21.
Bd4 Rac8 22. Qd1 Rxc1 23. Qxc1 Qd3 24. Kd1 Bf5 25. a3 Rc8 26. Qxc8+ Bxc8 27.
axb4 Bf5 28. Bc3 Bd7 29. Bd4 Ba4+ 30. Ke1 Qc2 0-1

[Event "I Open Internacional Illes medes"]
[Site "?"]
[Date "2007.01.01"]
[Round "6.7"]
[White "Lopez Martinez Josep Manuel"]
[Black "Fluvia Poyatos Joan"]
[Result "0-1"]
[WhiteElo "2508"]
[BlackElo "2457"]
[PlyCount "62"]
[EventDate "2007.01.02"]
[SourceDate "2007.01.02"]

1. e4 c5 2. Nf3 d6 3. d4 cxd4 4. Nxd4 Nf6 5. Nc3 a6 6. Be3 Ng4 7. Bg5 h6 8. Bh4
g5 9. Bg3 Bg7 10. h3 Ne5 11. f3 Nbc6 12. Bf2 Be6 13. Qd2 Qa5 14. Nb3 Bxb3 15.
cxb3 Rc8 16. Be2 Ng6 17. a3 Nf4 18. Bf1 Qe5 19. b4 f5 20. O-O-O fxe4 21. fxe4
a5 22. b5 Nb4 23. Kb1 Qe6 24. Bd4 Rxc3 25. Qxc3 Qxe4+ 26. Bd3 Nfxd3 27. Bxg7
Ne1+ 28. Rd3 Nbxd3 29. Ka1 Rg8 30. Rf1 Kd7 31. Bf8 Qe2 0-1

[Event "I Open Internacional Illes medes"]
[Site "?"]
[Date "2007.01.01"]
[Round "6.11"]
[White "Fluvia Poyatos Jordi"]
[Black "Midoux Sebastien"]
[Result "1-0"]
[WhiteElo "2458"]
[BlackElo "2343"]
[PlyCount "49"]
[EventDate "2007.01.02"]
[SourceDate "2007.01.02"]

1. e4 c5 2. Nf3 d6 3. d4 cxd4 4. Nxd4 Nf6 5. Nc3 a6 6. Be3 e5 7. Nb3 Be6 8. f3
Be7 9. Qd2 O-O 10. O-O-O Qc7 11. g4 Rc8 12. g5 Nh5 13. Kb1 Nd7 14. Rg1 b5 15.
Nd5 Bxd5 16. exd5 Nb6 17. Na5 Nxd5 18. Qxd5 Qxa5 19. Bc4 Rf8 20. g6 Nf6 21.
gxf7+ Kh8 22. Qb7 bxc4 23. Qxe7 Qd8 24. Qe6 Qc8 25. Bh6 1-0

[Event "I Open Internacional Illes medes"]
[Site "?"]
[Date "2007.01.01"]
[Round "6.12"]
[White "Guidarelli Laurent"]
[Black "Pereira Ruben"]
[Result "1-0"]
[WhiteElo "2449"]
[BlackElo "2320"]
[PlyCount "67"]
[EventDate "2007.01.02"]
[SourceDate "2007.01.02"]

1. d4 d5 2. c4 c6 3. Nf3 Nf6 4. Nc3 dxc4 5. a4 Bf5 6. e3 e6 7. Bxc4 Bb4 8. O-O
Nbd7 9. Nh4 Bg6 10. Nxg6 hxg6 11. f4 Qc7 12. g3 a6 13. Qe2 O-O 14. e4 Rac8 15.
Na2 Be7 16. g4 c5 17. g5 Ne8 18. f5 cxd4 19. fxe6 Ne5 20. exf7+ Nxf7 21. Bd5
Bd6 22. Bd2 Qb6 23. Rxf7 Rxf7 24. Qf2 Bxh2+ 25. Qxh2 Rc5 26. Bxf7+ Kxf7 27.
Rf1+ Kg8 28. Qf4 Qe6 29. Qf8+ Kh7 30. Qxc5 Qg4+ 31. Kf2 Qh4+ 32. Ke2 Qxe4+ 33.
Kd1 Qb1+ 34. Nc1 1-0

[Event "I Open Internacional Illes medes"]
[Site "?"]
[Date "2007.01.01"]
[Round "6.17"]
[White "Suba Mihai"]
[Black "Przezdziecka Marta"]
[Result "1-0"]
[WhiteElo "2535"]
[BlackElo "2303"]
[PlyCount "73"]
[EventDate "2007.01.02"]
[SourceDate "2007.01.02"]

1. Nf3 Nf6 2. c4 g6 3. g3 Bg7 4. Bg2 O-O 5. O-O d5 6. cxd5 Nxd5 7. d4 Nb6 8.
Nc3 Nc6 9. d5 Na5 10. Qc2 e5 11. Rd1 Nac4 12. a4 a5 13. b3 Nd6 14. Ba3 Bd7 15.
Rac1 f5 16. e4 f4 17. Ne2 fxg3 18. hxg3 Rc8 19. Qd3 Na8 20. Nc3 Qf6 21. Rf1 g5
22. Nb5 h5 23. Bb2 Qe7 24. Nxd6 cxd6 25. Qd2 Bf6 26. Qxa5 h4 27. Rxc8 Rxc8 28.
Nd2 g4 29. Nc4 Bg5 30. Bc1 h3 31. Bxg5 Qxg5 32. Bh1 Rf8 33. Kh2 b6 34. Qb4 Qf6
35. Nxd6 Qg6 36. Nc4 Qf7 37. Qd2 1-0

[Event "I Open Internacional Illes medes"]
[Site "?"]
[Date "2007.01.01"]
[Round "6.18"]
[White "Ryan Joseph"]
[Black "Benitah Yohan"]
[Result "1/2-1/2"]
[WhiteElo "2302"]
[BlackElo "2412"]
[PlyCount "45"]
[EventDate "2007.01.02"]
[SourceDate "2007.01.02"]

1. e4 e6 2. d4 d5 3. Nd2 Nf6 4. e5 Nfd7 5. c3 c5 6. Bd3 Nc6 7. Ne2 cxd4 8. cxd4
a5 9. O-O Nb6 10. Nf3 Be7 11. a3 a4 12. Nc3 Bd7 13. Bc2 Nb8 14. Ne1 h5 15. Nd3
Bc6 16. Nf4 g6 17. Qf3 Kd7 18. Nh3 Rh7 19. Qf4 Na6 20. Ng5 Bxg5 21. Qxg5 Qxg5
22. Bxg5 Nc7 23. Bd3 1/2-1/2

[Event "I Open Internacional Illes medes"]
[Site "?"]
[Date "2007.01.01"]
[Round "6.23"]
[White "Milchev Nikolav"]
[Black "Alfonso Rosell Alvar"]
[Result "0-1"]
[WhiteElo "2340"]
[BlackElo "2231"]
[PlyCount "64"]
[EventDate "2007.01.02"]
[SourceDate "2007.01.02"]

1. Nf3 c5 2. c4 Nc6 3. Nc3 e5 4. g3 g6 5. Bg2 Bg7 6. O-O Nge7 7. a3 a5 8. Rb1
O-O 9. d3 d6 10. Bd2 h6 11. Qa4 Rb8 12. Nb5 Be6 13. Qd1 b6 14. e4 f5 15. Ne1 f4
16. Nc2 Qd7 17. b4 axb4 18. axb4 Bh3 19. f3 h5 20. Qe2 Be6 21. Kh1 g5 22. Nc3
Ng6 23. bxc5 bxc5 24. Nd5 fxg3 25. hxg3 h4 26. g4 Nf4 27. Bxf4 exf4 28. Qd2 Be5
29. Bh3 Qa7 30. Nc3 Qa5 31. Rxb8 Rxb8 32. Nb1 Rxb1 0-1

[Event "I Open Internacional Illes medes"]
[Site "?"]
[Date "2007.01.01"]
[Round "6.25"]
[White "Bronowicki Mateusz"]
[Black "Kozak Magdalena"]
[Result "1-0"]
[WhiteElo "2338"]
[BlackElo "2205"]
[PlyCount "67"]
[EventDate "2007.01.02"]
[SourceDate "2007.01.02"]

1. d4 Nf6 2. c4 e6 3. g3 d5 4. Bg2 dxc4 5. Qa4+ Bd7 6. Qxc4 Bc6 7. Nf3 Bd5 8.
Qa4+ Qd7 9. Qd1 c5 10. dxc5 Bxc5 11. O-O O-O 12. Nc3 Bc6 13. Qc2 Qe7 14. a3 a5
15. e4 h6 16. e5 Nd5 17. Ne4 Ba7 18. Bd2 Bb5 19. Rfd1 Nc6 20. Bxh6 Nxe5 21.
Nxe5 gxh6 22. Qd2 Kg7 23. Ng4 Rh8 24. Nc3 Nxc3 25. Qxc3+ f6 26. Rac1 h5 27. Qc7
Rae8 28. Nxf6 Kxf6 29. Qf4+ Kg7 30. Rc7 Bxf2+ 31. Kh1 Qxc7 32. Qxc7+ Kg8 33.
Qf4 Rf8 34. Qg5+ 1-0

[Event "I Open Internacional Illes medes"]
[Site "?"]
[Date "2007.01.01"]
[Round "6.33"]
[White "Cuadras Avellana Jorge"]
[Black "Anibar Ahmed"]
[Result "0-1"]
[WhiteElo "2375"]
[BlackElo "2185"]
[PlyCount "82"]
[EventDate "2007.01.02"]
[SourceDate "2007.01.02"]

1. c4 e6 2. Nc3 d5 3. d4 Nf6 4. cxd5 exd5 5. Bg5 c6 6. Qc2 Be7 7. e3 Nbd7 8.
Bd3 O-O 9. Nge2 Re8 10. O-O Nf8 11. Rae1 g6 12. f3 Ne6 13. Bh4 Ng7 14. h3 Nf5
15. Bf2 c5 16. dxc5 Bxc5 17. Nd4 Nxd4 18. exd4 Be7 19. Qb3 Be6 20. Rc1 Nh5 21.
Nb5 Bg5 22. Rc3 Bf4 23. g4 a6 24. Na3 Bb8 25. Qc2 Nf4 26. h4 Qd6 27. Be1 Bxg4
28. Be4 Rxe4 29. fxe4 Ne2+ 30. Qxe2 Bxe2 31. e5 Qd7 32. Rf4 Ba7 33. Kf2 Bh5 34.
Nc2 Rc8 35. Nb4 Rxc3 36. bxc3 a5 37. Nc2 Qb5 38. Kg1 Qe2 39. Rf2 Qe4 40. Rd2
Bd1 41. Rxd1 Qg4+ 0-1

[Event "I Open Internacional Illes medes"]
[Site "?"]
[Date "2007.01.01"]
[Round "6.36"]
[White "Krzesaj Robert"]
[Black "Sabria Batlle Pol"]
[Result "1-0"]
[WhiteElo "2308"]
[BlackElo "1984"]
[PlyCount "87"]
[EventDate "2007.01.02"]
[SourceDate "2007.01.02"]

1. d4 Nf6 2. Nf3 e6 3. g3 d5 4. Bg2 Be7 5. O-O O-O 6. c4 dxc4 7. Qa4 a6 8. Qxc4
b5 9. Qc2 Bb7 10. Rd1 Qc8 11. Bg5 h6 12. Bxf6 Bxf6 13. Nbd2 Nd7 14. Rac1 Bxf3
15. Bxf3 Ra7 16. Nb3 a5 17. Bc6 b4 18. Qc4 Rd8 19. Qb5 a4 20. Na5 Qa6 21. Qxa6
Rxa6 22. Nb7 Rb8 23. Bxd7 Rxb7 24. Bc8 Rab6 25. Bxb7 Rxb7 26. Rc6 a3 27. b3 Kf8
28. e4 Ke8 29. e5 Be7 30. f4 Kd7 31. Rc4 Rb5 32. Rdc1 Rb7 33. Kf2 h5 34. h3 g6
35. g4 Bh4+ 36. Kf3 hxg4+ 37. hxg4 Be7 38. Ke4 Bf8 39. Rh1 Be7 40. Rh7 Ke8 41.
Rc6 Bd8 42. Ra6 c5 43. Rh8+ Ke7 44. dxc5 1-0

[Event "I Open Internacional Illes medes"]
[Site "?"]
[Date "2007.01.01"]
[Round "6.37"]
[White "Lillo Castan Victor"]
[Black "Djingarova Emilia "]
[Result "0-1"]
[WhiteElo "1986"]
[BlackElo "2302"]
[PlyCount "48"]
[EventDate "2007.01.02"]
[SourceDate "2007.01.02"]

1. e4 c5 2. Nf3 e6 3. d4 cxd4 4. Nxd4 Nc6 5. Nb5 d6 6. Bf4 e5 7. Be3 Be6 8.
N1c3 a6 9. Na3 Nf6 10. Bg5 Be7 11. Bxf6 Bxf6 12. Nc4 O-O 13. Qxd6 Qe8 14. Ne3
Rd8 15. Qc7 Rd7 16. Qb6 Bd8 17. Qc5 Be7 18. Qb6 Bb4 19. Ned5 Bxd5 20. exd5 Nd4
21. Rc1 Qe7 22. d6 Qg5 23. Kd1 Bxc3 24. bxc3 Nf5 0-1

[Event "I Open Internacional Illes medes"]
[Site "?"]
[Date "2007.01.01"]
[Round "6.42"]
[White "Santos Jose Alves"]
[Black "Colls Bosch Emili"]
[Result "1-0"]
[WhiteElo "2195"]
[BlackElo "1965"]
[PlyCount "90"]
[EventDate "2007.01.02"]
[SourceDate "2007.01.02"]

1. e4 c5 2. Nc3 d6 3. g3 Nc6 4. Bg2 g6 5. d3 Bg7 6. Nge2 e6 7. Be3 Nd4 8. O-O
Ne7 9. h3 O-O 10. g4 f5 11. gxf5 gxf5 12. f4 Rb8 13. Ng3 Bd7 14. Qd2 b5 15. Nd1
b4 16. c3 bxc3 17. bxc3 Ndc6 18. Nh5 Bh8 19. Kh2 Be8 20. Bf3 Bxh5 21. Bxh5 Bf6
22. exf5 exf5 23. Bf3 Kh8 24. d4 cxd4 25. cxd4 Qa5 26. Qxa5 Nxa5 27. Rc1 Rfc8
28. Rxc8+ Rxc8 29. Nb2 Nc4 30. Nxc4 Rxc4 31. d5 Bd4 32. Rc1 Ra4 33. Bxd4+ Rxd4
34. Rc7 Nxd5 35. Bxd5 Rxd5 36. Rxa7 Rd4 37. Kg3 Re4 38. a4 d5 39. a5 Ra4 40.
Kh4 Rxf4+ 41. Kg5 Rf3 42. Kf6 h5 43. a6 Rxh3 44. Rb7 Ra3 45. a7 Ra6+ 1-0

[Event "I Open Internacional Illes medes"]
[Site "?"]
[Date "2007.01.01"]
[Round "6.44"]
[White "Vilar Lopez Monica"]
[Black "Conde Chijeb Manuel"]
[Result "1-0"]
[WhiteElo "2184"]
[BlackElo "1816"]
[PlyCount "68"]
[EventDate "2007.01.02"]
[SourceDate "2007.01.02"]

1. e4 e6 2. d4 d5 3. e5 c5 4. c3 Nc6 5. Nf3 Bd7 6. Be2 cxd4 7. cxd4 Nge7 8. O-O
Ng6 9. Nc3 Be7 10. a3 Rc8 11. Be3 O-O 12. Rc1 Nh4 13. Nxh4 Bxh4 14. Bd3 f5 15.
exf6 Bxf6 16. Bb1 Ne7 17. f4 Be8 18. Qg4 Nf5 19. Bxf5 exf5 20. Qf3 Bf7 21. Rfe1
Kh8 22. Bf2 Qd7 23. Kh1 a5 24. h3 b5 25. Qd3 Be8 26. Rc2 h6 27. Nxd5 Rxc2 28.
Nxf6 Rxf6 29. Qxc2 Rc6 30. Qd2 Bf7 31. Re5 Bd5 32. Qe2 Rc1+ 33. Kh2 Qc6 34. Qh5
Bxg2 1-0

[Event "I Open Internacional Illes medes"]
[Site "?"]
[Date "2007.01.01"]
[Round "6.46"]
[White "Bozinovic Boban"]
[Black "Morales Dalmau Jordi"]
[Result "1-0"]
[WhiteElo "2144"]
[BlackElo "1995"]
[PlyCount "48"]
[EventDate "2007.01.02"]
[SourceDate "2007.01.02"]

1. e4 e6 2. d4 d5 3. Nc3 Nf6 4. Bg5 Be7 5. e5 Nfd7 6. Bxe7 Qxe7 7. f4 a6 8. Nf3
c5 9. Qd2 Nc6 10. dxc5 Qxc5 11. O-O-O b5 12. Bd3 Nb6 13. Ne2 O-O 14. Bxh7+ Kxh7
15. Ng5+ Kg8 16. Qd3 Re8 17. Qh7+ Kf8 18. Qh5 Nd8 19. Rd3 Nc4 20. Qh4 g6 21.
Nh7+ Kg7 22. Qf6+ Kg8 23. Rh3 Ne3 24. Nc3 Nf5 1-0

[Event "I Open Internacional Illes medes"]
[Site "?"]
[Date "2007.01.02"]
[Round "7.2"]
[White "Fluvia Poyatos Joan"]
[Black "Moskalenko Viktor"]
[Result "1/2-1/2"]
[WhiteElo "2457"]
[BlackElo "2543"]
[PlyCount "61"]
[EventDate "2007.01.03"]
[SourceDate "2007.01.03"]

1. e4 e6 2. d4 d5 3. Nc3 Bb4 4. exd5 exd5 5. Bd3 Nf6 6. Nge2 O-O 7. O-O Re8 8.
Bg5 c6 9. Qd2 h6 10. Bxf6 Qxf6 11. Rae1 Nd7 12. Ng3 Rxe1 13. Rxe1 Qd8 14. Nf5
Nf6 15. Qe3 Bxf5 16. Bxf5 Qa5 17. Qg3 Rd8 18. h3 Bd6 19. Qd3 Qc7 20. h4 g6 21.
Bh3 Kg7 22. g3 Qb6 23. Rb1 Re8 24. Bg2 Bb4 25. Ne2 Qc7 26. a3 Bd6 27. Nc3 Re6
28. Kf1 h5 29. Re1 Rxe1+ 30. Kxe1 Qb6 31. Nd1 1/2-1/2

[Event "I Open Internacional Illes medes"]
[Site "?"]
[Date "2007.01.02"]
[Round "7.4"]
[White "Mirzoev Azer"]
[Black "Fluvia Poyatos Jordi"]
[Result "1-0"]
[WhiteElo "2543"]
[BlackElo "2458"]
[PlyCount "173"]
[EventDate "2007.01.03"]
[SourceDate "2007.01.03"]

1. Nf3 d6 2. d4 Bg4 3. c4 Nd7 4. Nc3 e5 5. g3 Bxf3 6. exf3 exd4 7. Qxd4 Ngf6 8.
Bg2 Be7 9. O-O O-O 10. b3 c6 11. f4 Nc5 12. Rb1 Qd7 13. h3 Rfd8 14. Rd1 Ne6 15.
Qd2 Nc7 16. g4 d5 17. g5 Nh5 18. Qe2 Bb4 19. Nxd5 cxd5 20. Qxh5 Qf5 21. Bb2
dxc4 22. bxc4 Bc5 23. Be5 Ne6 24. Qg4 Qc2 25. Bd5 Qxf2+ 26. Kh1 Nd4 27. Rf1
Qxa2 28. Rxb7 Rxd5 29. cxd5 Qxd5+ 30. Qg2 Qxg2+ 31. Kxg2 Nf5 32. Rc1 Bb6 33.
Bb8 h6 34. Ra1 Bd4 35. Ra5 g6 36. Kf3 hxg5 37. fxg5 Bg7 38. Ke4 Nd4 39. Raxa7
Rxa7 40. Bxa7 Ne6 41. Be3 Bc3 42. Kf3 Bd4 43. Bxd4 Nxd4+ 44. Ke4 Nf5 45. Ke5
Kg7 46. Rb4 Ne7 47. Rf4 Kf8 48. h4 Kg7 49. Kd6 Nf5+ 50. Kd7 Ng3 51. Kd6 Nf5+
52. Ke5 Ne7 53. Rc4 Kf8 54. Rc7 Ke8 55. Rb7 Kf8 56. Rb6 Kg7 57. Ra6 Kf8 58. Rf6
Kg7 59. Kd6 Kf8 60. Kd7 Nd5 61. Rf1 Ne3 62. Rf4 Nd5 63. Rf3 Ne7 64. Ra3 Nf5 65.
Ra8+ Kg7 66. Ke8 Nd6+ 67. Kd8 Nf5 68. Ra7 Kf8 69. Ra4 Ne7 70. Kd7 Nf5 71. Rf4
Ne7 72. Kd6 Nc8+ 73. Ke5 Ne7 74. Rc4 Kg7 75. Rc7 Kf8 76. Rc3 Kg7 77. Rc4 Kf8
78. Rc7 Ke8 79. Rb7 Kf8 80. Rb8+ Kg7 81. Re8 Ng8 82. Kd6 Kh7 83. Kd7 Kg7 84.
Kd8 f6 85. Kd7 Kf7 86. Re1 f5 87. Kd6 1-0

[Event "I Open Internacional Illes medes"]
[Site "?"]
[Date "2007.01.02"]
[Round "7.5"]
[White "Maze Sebastien"]
[Black "Guidarelli Laurent"]
[Result "1-0"]
[WhiteElo "2510"]
[BlackElo "2449"]
[PlyCount "39"]
[EventDate "2007.01.03"]
[SourceDate "2007.01.03"]

1. e4 c5 2. Nf3 e6 3. d4 cxd4 4. Nxd4 a6 5. Nc3 b5 6. g3 Bb7 7. Bg2 d6 8. O-O
Nd7 9. Re1 Qc7 10. Bg5 Ngf6 11. Nd5 Qb8 12. a4 b4 13. Nxb4 h6 14. Bxf6 Nxf6 15.
c3 a5 16. Nbc6 Qc8 17. e5 dxe5 18. Rxe5 Ra6 19. Rb5 Qa8 20. Qb3 1-0

[Event "I Open Internacional Illes medes"]
[Site "?"]
[Date "2007.01.02"]
[Round "7.8"]
[White "Karim Ismael"]
[Black "Suba Mihai"]
[Result "0-1"]
[WhiteElo "2288"]
[BlackElo "2535"]
[PlyCount "73"]
[EventDate "2007.01.03"]
[SourceDate "2007.01.03"]

1. e4 c5 2. Nf3 d6 3. d4 Nf6 4. Nc3 cxd4 5. Nxd4 e6 6. g4 h6 7. h4 Nc6 8. Rg1
h5 9. gxh5 Nxh5 10. Bg5 Nf6 11. Qd2 Qb6 12. Nb3 a6 13. O-O-O Qc7 14. f4 b5 15.
Bg2 b4 16. e5 bxc3 17. Qxc3 Nd5 18. Bxd5 exd5 19. exd6 Qxd6 20. Rge1+ Ne7 21.
Qa5 Bb7 22. Nc5 Rc8 23. b4 Qc7 24. Qa4+ Bc6 25. Qb3 a5 26. Rd2 axb4 27. Rde2 f6
28. Qd3 Kf7 29. Ne6 Qa7 30. Nxf8 Kxf8 31. Rxe7 Qa3+ 32. Qxa3 bxa3 33. Ra7 fxg5
34. fxg5 Rxh4 35. g6 Be8 36. Rf1+ Kg8 37. Rg1 0-1